[Event "Yogyakarta Japfa (Women)"]
[Site "Yogyakarta"]
[Date "2019.06.18"]
[Round "8"]
[White "Luong, Phuong Hanh"]
[Black "Nurdin, Tami Nasuha"]
[Result "1-0"]
[WhiteElo "2271"]
[BlackElo "2125"]
[PlyCount "73"]
[EventDate "2019.06.13"]
[EventType "tourn"]
[EventRounds "11"]
[EventCountry "INA"]
[SourceTitle "CBM 191 Extra"]
[Source "ChessBase"]
[SourceDate "2019.09.30"]
[SourceVersion "1"]
[SourceVersionDate "2019.09.30"]
[SourceQuality "1"]

1. d4 d5 2. c4 c6 3. Nf3 e6 4. g3 dxc4 5. Bg2 Nf6 6. Ne5 Qc7 7. Nxc4 Bb4+ 8. Nc3 0-0 9. 0-0 Nbd7 10. Bf4 Qd8 11. e4 Nb6 12. Ne3 h6 13. h4 c5 14. d5 Re8 15. dxe6 fxe6 16. Bd6 Nfd5 17. exd5 Bxc3 18. Bxc5 Bxb2 19. Rb1 Bf6 20. d6 Nd7 21. Bd4 Rb8 22. Qh5 b6 23. Rfc1 Bb7 24. Rc7 Bxg2 25. Kxg2 Nc5 26. Bxc5 bxc5 27. Qf7+ Kh8 28. Rxb8 Qxb8 29. Ng4 Bd4 30. Qxe8+ Qxe8 31. d7 Qa8+ 32. f3 Kh7 33. Rc8 Qd5 34. d8Q Qxa2+ 35. Kh3 h5 36. Qg8+ Kg6 37. Qe8+ 1-0

[Event "Yogyakarta Japfa (Women)"]
[Site "Yogyakarta"]
[Date "2019.06.14"]
[Round "2"]
[White "Nurdin, Tami Nasuha"]
[Black "Tsatsalashvili, Ketevan"]
[Result "0-1"]
[WhiteElo "2125"]
[BlackElo "2356"]
[PlyCount "72"]
[EventDate "2019.06.13"]
[EventType "tourn"]
[EventRounds "11"]
[EventCountry "INA"]
[SourceTitle "CBM 191 Extra"]
[Source "ChessBase"]
[SourceDate "2019.09.30"]
[SourceVersion "1"]
[SourceVersionDate "2019.09.30"]
[SourceQuality "1"]

1. e4 c5 2. Nc3 Nc6 3. f4 e6 4. Nf3 d5 5. e5 a6 6. d3 Qc7 7. g3 Bd7 8. Bg2 Nge7 9. 0-0 h6 10. a3 0-0-0 11. Bd2 f6 12. exf6 gxf6 13. Na4 Nf5 14. b4 cxb4 15. axb4 Bxb4 16. Bxb4 Nxb4 17. Qd2 Bxa4 18. Qxb4 Bd7 19. Bh3 Ne3 20. Rfc1 e5 21. Ra5 Kb8 22. Rxa6 Bxh3 23. Rca1 Qxc2 24. Ne1 Qe2 25. Ra8+ Kc7 26. Qe7+ Bd7 27. Rc1+ Nc4 28. Qc5+ Bc6 29. Rxd8 Rxd8 30. dxc4 d4 31. fxe5 Qe3+ 32. Kf1 Qxc1 33. Qa5+ b6 34. Qb4 fxe5 35. Qe7+ Rd7 36. Qxe5+ Kb7 0-1